[Event "BCF-chT 2122 (4NCL)"]
[Site "England"]
[Date "2022.06.25"]
[Round "10.123"]
[White "Williams, Samuel G"]
[Black "Drabble, Andrew"]
[Result "1/2-1/2"]
[WhiteElo "2239"]
[BlackElo "2091"]
[PlyCount "42"]
[EventDate "2021.11.27"]
[EventType "team-swiss"]
[EventRounds "11"]
[EventCountry "ENG"]
[SourceTitle "EXT 2023"]
[Source "ChessBase"]
[SourceDate "2022.10.05"]
[SourceVersion "1"]
[SourceVersionDate "2022.10.05"]
[SourceQuality "1"]
[WhiteTeam "The Sharks"]
[BlackTeam "Guildford Castles"]
[WhiteTeamCountry "ENG"]
[BlackTeamCountry "ENG"]

1. d4 d5 2. c4 e6 3. Nc3 Nf6 4. cxd5 exd5 5. Bg5 c6 6. Qc2 Be7 7. e3 Nbd7 8. Bd3 Nf8 9. Nge2 Ne6 10. Bh4 g6 11. f3 0-0 12. Rd1 Nh5 13. Bf2 f5 14. 0-0 Nf6 15. Qd2 Nc7 16. Bb1 Bd6 17. a3 Be6 18. Bh4 Qd7 19. Nc1 Rae8 20. Nd3 Nh5 21. Ne2 Qg7 1/2-1/2

[Event "BCF-chT 2122 (4NCL)"]
[Site "England"]
[Date "2022.04.30"]
[Round "7.133"]
[White "Williams, Samuel G"]
[Black "Bin Suhayl, Ieysaa"]
[Result "1-0"]
[WhiteElo "2239"]
[BlackElo "2243"]
[PlyCount "105"]
[EventDate "2021.11.27"]
[EventType "team-swiss"]
[EventRounds "11"]
[EventCountry "ENG"]
[SourceTitle "EXT 2023"]
[Source "ChessBase"]
[SourceDate "2022.10.05"]
[SourceVersion "1"]
[SourceVersionDate "2022.10.05"]
[SourceQuality "1"]
[WhiteTeam "The Sharks"]
[BlackTeam "Manchester Manticores"]
[WhiteTeamCountry "ENG"]
[BlackTeamCountry "ENG"]

1. d4 d5 2. c4 c6 3. Nf3 e6 4. Nc3 dxc4 5. a4 Bb4 6. Bd2 b5 7. e3 a5 8. axb5 Bxc3 9. Bxc3 cxb5 10. b3 Bb7 11. bxc4 b4 12. Bb2 Nf6 13. Bd3 0-0 14. 0-0 Nbd7 15. Nd2 Qc7 16. f3 Rfe8 17. Bc2 e5 18. d5 Nb6 19. Bb3 Bc8 20. f4 exf4 21. Rxf4 Rxe3 22. Qf1 Nbd7 23. Ba4 Ne5 24. Bd4 Rd3 25. Re1 Rxd2 26. Bxe5 Qb6+ 27. Kh1 Bd7 28. Bc6 Re8 29. Bxf6 Bxc6 30. dxc6 Qxc6 31. Rxe8+ Qxe8 32. Rg4 Qe2 33. Qxe2 Rxe2 34. Rxg7+ Kf8 35. h3 Re6 36. Bd4 Re4 37. Rg4 Re1+ 38. Kh2 Rc1 39. Be3 Rc2 40. Re4 f6 41. Bc5+ Kf7 42. Re7+ Kg6 43. Ra7 Rxc4 44. Rxa5 b3 45. Rb5 Rc3 46. Bd4 Rd3 47. Bb2 f5 48. Rb6+ Kf7 49. Rf6+ Kg8 50. Rxf5 Rd2 51. Bf6 Rd6 52. Rf2 Rc6 53. Bb2 1-0

[Event "BCF-chT 2122 (4NCL)"]
[Site "England"]
[Date "2022.02.12"]
[Round "3.132"]
[White "Williams, Samuel G"]
[Black "Lewis, Alex"]
[Result "1-0"]
[WhiteElo "2239"]
[BlackElo "2135"]
[PlyCount "93"]
[EventDate "2021.11.27"]
[EventType "team-swiss"]
[EventRounds "11"]
[EventCountry "ENG"]
[SourceTitle "EXT 2023"]
[Source "ChessBase"]
[SourceDate "2022.10.05"]
[SourceVersion "1"]
[SourceVersionDate "2022.10.05"]
[SourceQuality "1"]
[WhiteTeam "The Sharks II"]
[BlackTeam "Kings Head"]
[WhiteTeamCountry "ENG"]
[BlackTeamCountry "ENG"]

1. d4 Nf6 2. c4 g6 3. Nc3 Bg7 4. e4 d6 5. h3 0-0 6. Be3 e5 7. d5 c5 8. g4 Kh8 9. Nge2 Ng8 10. Ng3 Bh6 11. Bxh6 Nxh6 12. Qd2 Ng8 13. Bd3 a6 14. Nce2 Nd7 15. a4 Rb8 16. Qc3 Qb6 17. f4 Qb4 18. f5 f6 19. h4 Rf7 20. Kf2 Qxc3 21. Nxc3 Nf8 22. Be2 Bd7 23. Nf1 h5 24. Ne3 hxg4 25. Rag1 Nh6 26. Nxg4 Kh7 27. Nxh6 Kxh6 28. Bg4 b5 29. fxg6 Nxg6 30. Bxd7 Rxd7 31. axb5 Nf4 32. Ke3 axb5 33. cxb5 c4 34. Kd2 Nd3 35. Kc2 Rf7 36. Rf1 Nf4 37. Ra1 f5 38. Ra6 Rd8 39. exf5 Rxf5 40. Rc6 Ng2 41. Nd1 e4 42. Rg1 Nxh4 43. Ne3 Rf2+ 44. Kc1 Re2 45. Nxc4 e3 46. Nxd6 Kh5 47. Nf7 1-0

[Event "BCF-chT1b 1617 (4NCL)"]
[Site "England"]
[Date "2016.11.19"]
[Round "1.77"]
[White "Williams, Samuel G"]
[Black "Gallagher, Daniel GH"]
[Result "0-1"]
[WhiteElo "2241"]
[BlackElo "2122"]
[PlyCount "88"]
[EventDate "2016.11.19"]
[EventType "team-tourn"]
[EventRounds "7"]
[EventCountry "ENG"]
[SourceTitle "CBM 175 Extra"]
[Source "ChessBase"]
[SourceDate "2016.12.12"]
[SourceVersion "1"]
[SourceVersionDate "2016.12.12"]
[SourceQuality "1"]
[WhiteTeam "Grantham Sharks"]
[BlackTeam "Anglian Avengers"]
[WhiteTeamCountry "ENG"]
[BlackTeamCountry "ENG"]

1. d4 Nf6 2. c4 g6 3. Nc3 Bg7 4. e4 d6 5. Nf3 0-0 6. Be2 e5 7. 0-0 Nc6 8. d5 Ne7 9. b4 Nh5 10. Re1 a5 11. bxa5 Rxa5 12. Nd2 Nf4 13. Bf1 c5 14. a4 Nh5 15. Nb5 Ra6 16. Ra3 Nf6 17. Bb2 Ne8 18. Be2 f5 19. exf5 Nxf5 20. Ne4 Nf6 21. Nxf6+ Bxf6 22. Bg4 Nd4 23. Bxc8 Qxc8 24. f4 exf4 25. Nxd4 cxd4 26. Bxd4 Qxc4 27. Rd3 Qxa4 28. Qxa4 Rxa4 29. Bxf6 Rxf6 30. Rb1 Rf7 31. Kf2 g5 32. Rb6 Ra2+ 33. Kf3 g4+ 34. Kxg4 Rxg2+ 35. Kh3 Rg6 36. Rf3 Kg7 37. Rb4 Rgf6 38. Kg2 Rf5 39. Rb5 Kf6 40. Rfb3 Ke5 41. Kf3 Rh5 42. Rb2 Rg7 43. Re2+ Kf5 44. Re6 Rxh2 0-1

[Event "BCF-chT1b 1516 (4NCL)"]
[Site "England"]
[Date "2016.02.14"]
[Round "6.185"]
[White "Williams, Samuel G"]
[Black "Graham, David Bruce"]
[Result "0-1"]
[WhiteElo "2242"]
[BlackElo "2121"]
[PlyCount "59"]
[EventDate "2015.11.14"]
[EventType "team-swiss"]
[EventRounds "11"]
[EventCountry "ENG"]
[SourceTitle "CBM 170 Extra"]
[Source "ChessBase"]
[SourceDate "2016.02.25"]
[SourceVersion "1"]
[SourceVersionDate "2016.02.25"]
[SourceQuality "1"]
[WhiteTeam "Grantham Sharks"]
[BlackTeam "Sussex Martlets"]
[WhiteTeamCountry "ENG"]
[BlackTeamCountry "ENG"]

1. d4 Nf6 2. c4 g6 3. Nc3 Bg7 4. e4 d6 5. Nf3 0-0 6. Be2 e5 7. 0-0 Nc6 8. d5 Ne7 9. b4 Nh5 10. Re1 Nf4 11. Bf1 Bg4 12. h3 Bxf3 13. Qxf3 f5 14. Bxf4 exf4 15. Rad1 Be5 16. Ne2 fxe4 17. Qxe4 f3 18. gxf3 Nf5 19. f4 Qh4 20. Qg2 Bxf4 21. Nxf4 Qxf4 22. Re4 Qh6 23. Bd3 Nh4 24. Qg3 Nf3+ 25. Kg2 Rf7 26. Re6 Raf8 27. c5 Ng5 28. Be4 Rxf2+ 29. Kh1 Nxh3 30. Bxg6 0-1

[Event "BCF-chT1b 1415 (4NCL)"]
[Site "England"]
[Date "2014.11.15"]
[Round "1.174"]
[White "Williams, Samuel G"]
[Black "Berry, Neil"]
[Result "1-0"]
[WhiteElo "2257"]
[BlackElo "2241"]
[PlyCount "87"]
[EventDate "2014.11.15"]
[EventType "team-swiss"]
[EventRounds "11"]
[EventCountry "ENG"]
[SourceTitle "EXT 2015"]
[Source "ChessBase"]
[SourceDate "2014.11.20"]
[SourceVersion "1"]
[SourceVersionDate "2014.11.20"]
[SourceQuality "1"]
[WhiteTeam "Grantham Sharks"]
[BlackTeam "Barbican II"]
[WhiteTeamCountry "ENG"]
[BlackTeamCountry "ENG"]

1. d4 Nf6 2. c4 e6 3. Nc3 Bb4 4. Qc2 0-0 5. a3 Bxc3+ 6. Qxc3 b6 7. Bg5 Bb7 8. e3 d6 9. Ne2 Nbd7 10. Qd3 Ba6 11. Nc3 c5 12. Qd1 cxd4 13. Qxd4 h6 14. Bh4 Qc7 15. Rd1 Rac8 16. Bg3 Ne5 17. b3 Rfd8 18. Be2 Nc6 19. Qd2 Na5 20. Qb2 Qe7 21. 0-0 Ne8 22. e4 Bb7 23. Rd2 Qf6 24. Rfd1 Ba8 25. Qc2 Qe7 26. Nb5 d5 27. exd5 exd5 28. Bg4 Rc5 29. Qb1 Nf6 30. Bf3 Rcc8 31. cxd5 a6 32. Nd4 Nxd5 33. Nf5 Qe6 34. Bxd5 Bxd5 35. Rxd5 Rxd5 36. Rxd5 Nxb3 37. Rd1 g6 38. Ne7+ Qxe7 39. Qxb3 b5 40. h3 Rc4 41. Qf3 Re4 42. Rd6 a5 43. Qd3 Rc4 44. Qd5 1-0

[Event "BCF-chT1a 1314 (4NCL)"]
[Site "England"]
[Date "2014.03.22"]
[Round "7.124"]
[White "Williams, Simon Kim"]
[Black "Williams, Samuel G"]
[Result "1-0"]
[WhiteElo "2455"]
[BlackElo "2267"]
[PlyCount "49"]
[EventDate "2013.11.16"]
[EventType "team-tourn"]
[EventRounds "7"]
[EventCountry "ENG"]
[SourceTitle "EXT 2015"]
[Source "ChessBase"]
[SourceDate "2014.11.20"]
[SourceVersion "1"]
[SourceVersionDate "2014.11.20"]
[SourceQuality "1"]
[WhiteTeam "Cheddleton"]
[BlackTeam "Grantham Sharks"]
[WhiteTeamCountry "ENG"]
[BlackTeamCountry "ENG"]

1. e4 c5 2. Be2 e6 3. f4 d5 4. d3 g6 5. Nf3 Bg7 6. 0-0 Ne7 7. Qe1 b5 8. Nc3 b4 9. Nd1 Bb7 10. Nf2 Nbc6 11. a3 a5 12. Rb1 Qb6 13. Be3 Rc8 14. c3 0-0 15. Kh1 Ba6 16. h4 Rc7 17. h5 d4 18. Bd2 dxc3 19. bxc3 Rb7 20. hxg6 hxg6 21. Ng4 Rfb8 22. Qh4 Qd8 23. Ng5 bxc3 24. Nf6+ Kf8 25. Ngh7# 1-0

[Event "BCF-chT1a 1314 (4NCL)"]
[Site "England"]
[Date "2014.02.15"]
[Round "5.144"]
[White "Arakhamia Grant, Ketevan"]
[Black "Williams, Samuel G"]
[Result "1-0"]
[WhiteElo "2388"]
[BlackElo "2267"]
[PlyCount "47"]
[EventDate "2013.11.16"]
[EventType "team-tourn"]
[EventRounds "7"]
[EventCountry "ENG"]
[SourceTitle "EXT 2015"]
[Source "ChessBase"]
[SourceDate "2014.11.20"]
[SourceVersion "1"]
[SourceVersionDate "2014.11.20"]
[SourceQuality "1"]
[WhiteTeam "Wood Green Hilsmark II"]
[BlackTeam "Grantham Sharks"]
[WhiteTeamCountry "ENG"]
[BlackTeamCountry "ENG"]

1. e4 c5 2. Nf3 Nc6 3. d4 cxd4 4. Nxd4 Qc7 5. Nc3 e6 6. Be3 a6 7. Qd2 Nf6 8. f3 Bb4 9. 0-0-0 0-0 10. a3 Be7 11. g4 b5 12. g5 Nh5 13. Kb1 Ne5 14. f4 Nc4 15. Bxc4 bxc4 16. Ka2 Rb8 17. Rb1 Bb7 18. f5 Rfd8 19. Rhf1 Bc5 20. Qe2 e5 21. Qxh5 exd4 22. g6 dxe3 23. Qxh7+ Kf8 24. f6 1-0

[Event "BCF-chT1a 1314 (4NCL)"]
[Site "England"]
[Date "2014.01.12"]
[Round "4.135"]
[White "Williams, Samuel G"]
[Black "Duncan, Christopher R"]
[Result "1/2-1/2"]
[WhiteElo "2267"]
[BlackElo "2322"]
[PlyCount "100"]
[EventDate "2013.11.16"]
[EventType "team-tourn"]
[EventRounds "7"]
[EventCountry "ENG"]
[SourceTitle "EXT 2015"]
[Source "ChessBase"]
[SourceDate "2014.11.20"]
[SourceVersion "1"]
[SourceVersionDate "2014.11.20"]
[SourceQuality "1"]
[WhiteTeam "Grantham Sharks"]
[BlackTeam "Blackthorne Russia"]
[WhiteTeamCountry "ENG"]
[BlackTeamCountry "ENG"]

1. d4 d5 2. c4 c6 3. Nf3 Nf6 4. Nc3 dxc4 5. a4 c5 6. d5 Bf5 7. a5 g6 8. Qa4+ Bd7 9. Qxc4 Na6 10. e4 Nb4 11. Qb3 Bg7 12. Bc4 0-0 13. 0-0 b5 14. axb6 axb6 15. Rxa8 Qxa8 16. Re1 Qb7 17. Ne5 Ne8 18. Nxd7 Qxd7 19. Bf4 Nd6 20. Bf1 Ra8 21. h3 Qb7 22. g4 Rd8 23. e5 Ne8 24. Rd1 Qb8 25. d6 exd6 26. exd6 Nc6 27. Qa4 Nd4 28. d7 Nd6 29. Nb5 Bf8 30. Nxd4 cxd4 31. Rxd4 Qc7 32. Bb5 Qc5 33. Bxd6 Bxd6 34. Rc4 Qe5 35. Rc8 Qh2+ 36. Kf1 Qxh3+ 37. Ke2 Qh4 38. Qe4 Be7 39. Qf4 h5 40. f3 hxg4 41. fxg4 Kg7 42. Kd3 Bf6 43. Rc2 Qh1 44. Kc4 Qe1 45. Kb3 Qe6+ 46. Qc4 Qd6 47. Qe4 Qd1 48. Ka2 Ra8+ 49. Qxa8 Qxc2 50. Qa3 Qd2 1/2-1/2

[Event "BCF-chT1d 1213 (4NCL) Demotion pool"]
[Site "England"]
[Date "2013.05.04"]
[Round "9.176"]
[White "Pein, Malcolm"]
[Black "Williams, Samuel G"]
[Result "1/2-1/2"]
[WhiteElo "2376"]
[BlackElo "2253"]
[PlyCount "94"]
[EventDate "2012.11.03"]
[EventType "team-tourn"]
[EventRounds "4"]
[EventCountry "ENG"]
[SourceTitle "EXT 2014"]
[Source "ChessBase"]
[SourceDate "2013.11.20"]
[SourceVersion "1"]
[SourceVersionDate "2013.11.20"]
[SourceQuality "1"]
[WhiteTeam "Wood Green Hilsmark II"]
[BlackTeam "Sambuca Sharks"]
[WhiteTeamCountry "ENG"]
[BlackTeamCountry "ENG"]

1. d4 Nf6 2. Nf3 g6 3. c4 Bg7 4. Nc3 d5 5. h4 h6 6. cxd5 Nxd5 7. e4 Nxc3 8. bxc3 c5 9. Be3 Qa5 10. Qd2 Nc6 11. Rc1 cxd4 12. cxd4 Qxd2+ 13. Kxd2 0-0 14. d5 Rd8 15. Ke1 Na5 16. Nd2 b6 17. Nc4 Nb7 18. h5 g5 19. f4 gxf4 20. Bxf4 Nc5 21. Nd2 Bb7 22. Bc4 Rac8 23. Ke2 Na4 24. Kf3 Nb2 25. Bb5 f5 26. Bc6 fxe4+ 27. Nxe4 Ba6 28. d6 exd6 29. Nxd6 Nd3 30. Nxc8 Nxc1 31. Ne7+ Kf7 32. Rxc1 Rd3+ 33. Kg4 Kxe7 34. Be4 Rd4 35. Rc7+ Kf8 36. Rxg7 Rxe4 37. Rxa7 Ra4 38. Kg3 Ra3+ 39. Kh4 Ra4 40. g3 Kg8 41. Rc7 Rxa2 42. Bxh6 Rh2+ 43. Kg5 Be2 44. g4 Rg2 45. Rg7+ Kh8 46. Kf4 b5 47. Rg6 Kh7 1/2-1/2

[Event "BCF-chT1a 1213 (4NCL)"]
[Site "England"]
[Date "2013.03.23"]
[Round "7.112"]
[White "Rowson, Jonathan"]
[Black "Williams, Samuel G"]
[Result "0-1"]
[WhiteElo "2586"]
[BlackElo "2253"]
[PlyCount "80"]
[EventDate "2012.11.03"]
[EventType "team-tourn"]
[EventRounds "7"]
[EventCountry "ENG"]
[SourceTitle "EXT 2014"]
[Source "ChessBase"]
[SourceDate "2013.11.20"]
[SourceVersion "1"]
[SourceVersionDate "2013.11.20"]
[SourceQuality "1"]
[WhiteTeam "Wood Green Hilsmark"]
[BlackTeam "Sambuca Sharks"]
[WhiteTeamCountry "ENG"]
[BlackTeamCountry "ENG"]

1. d4 Nf6 2. c4 g6 3. Nc3 d5 4. Nf3 Bg7 5. Qb3 dxc4 6. Qxc4 0-0 7. e4 a6 8. Qa4 c6 9. Be2 b5 10. Qc2 c5 11. dxc5 Bb7 12. 0-0 Nbd7 13. Rd1 Qc7 14. b4 Nxe4 15. Bb2 Nxc3 16. Bxc3 Ne5 17. Nd4 Rad8 18. Qb2 Qc8 19. Nxb5 Qf5 20. Nd4 Qg5 21. c6 Nxc6 22. h4 Qf6 23. Nb5 e5 24. Nc7 Nd4 25. Bxd4 Rxd4 26. Rxd4 exd4 27. Rc1 Qxh4 28. Bxa6 Bxa6 29. Nxa6 d3 30. Qa3 d2 31. Rf1 Re8 32. Qd3 Qd4 33. Qb1 Re2 34. Qd1 Qc4 35. Nc5 Bd4 36. Qb3 Bxf2+ 37. Kh2 Qh4+ 38. Qh3 Qxh3+ 39. Kxh3 Bxc5 40. bxc5 Re1 0-1

[Event "BCF-chT1a 1213 (4NCL)"]
[Site "England"]
[Date "2013.02.23"]
[Round "5.133"]
[White "Cox, John J"]
[Black "Williams, Samuel G"]
[Result "1-0"]
[WhiteElo "2396"]
[BlackElo "2253"]
[PlyCount "74"]
[EventDate "2012.11.03"]
[EventType "team-tourn"]
[EventRounds "7"]
[EventCountry "ENG"]
[SourceTitle "EXT 2014"]
[Source "ChessBase"]
[SourceDate "2013.11.20"]
[SourceVersion "1"]
[SourceVersionDate "2013.11.20"]
[SourceQuality "1"]
[WhiteTeam "Barbican"]
[BlackTeam "Sambuca Sharks"]
[WhiteTeamCountry "ENG"]
[BlackTeamCountry "ENG"]

1. c4 Nf6 2. g3 g6 3. Bg2 d5 4. cxd5 Nxd5 5. Nc3 Nb6 6. d3 Bg7 7. Be3 Nc6 8. Rc1 Nd4 9. Qd2 Nf5 10. Bc5 Nd7 11. Ba3 Ne5 12. Rd1 c6 13. e3 0-0 14. Nge2 Bh6 15. h3 Qc7 16. b3 Rd8 17. d4 f6 18. 0-0 Be6 19. Qc2 Nd7 20. e4 Nd6 21. Nd5 Bxd5 22. exd5 Rac8 23. dxc6 bxc6 24. Rfe1 Nb6 25. Nc3 Bf8 26. h4 Nf5 27. Qe4 Ng7 28. Rc1 Qd7 29. Red1 e6 30. Bxf8 Rxf8 31. Qe2 Nf5 32. Bh3 Nxd4 33. Rxd4 Qxd4 34. Bxe6+ Kg7 35. Bxc8 Nxc8 36. Qf3 Qd6 37. Ne4 Qe6 1-0

[Event "BCF-chT1a 1213 (4NCL)"]
[Site "England"]
[Date "2012.11.04"]
[Round "2.144"]
[White "Williams, Samuel G"]
[Black "Bisby, Daniel L"]
[Result "0-1"]
[WhiteElo "2253"]
[BlackElo "2288"]
[PlyCount "76"]
[EventDate "2012.11.03"]
[EventType "team-tourn"]
[EventRounds "7"]
[EventCountry "ENG"]
[SourceTitle "EXT 2013"]
[Source "ChessBase"]
[SourceDate "2012.11.22"]
[SourceVersion "1"]
[SourceVersionDate "2012.11.22"]
[SourceQuality "1"]
[WhiteTeam "Sambuca Sharks"]
[BlackTeam "Cambridge"]
[WhiteTeamCountry "ENG"]
[BlackTeamCountry "ENG"]

1. d4 Nf6 2. c4 g6 3. Nc3 Bg7 4. e4 d6 5. Nf3 0-0 6. Be2 Nbd7 7. 0-0 e5 8. Be3 Re8 9. d5 Nh5 10. Re1 Bf8 11. Nd2 Ng7 12. b4 Be7 13. Nb3 f5 14. f3 Bh4 15. Rf1 f4 16. Bf2 Bxf2+ 17. Rxf2 Nf6 18. c5 h5 19. Rc1 g5 20. Bf1 g4 21. Rfc2 Re7 22. Qe1 Nge8 23. Kf2 Rg7 24. Ke2 Nh7 25. Kd1 Ng5 26. Nd2 Bd7 27. c6 bxc6 28. dxc6 Be6 29. Nd5 Nf6 30. Bc4 Nxd5 31. exd5 Bf5 32. Rc3 Qb8 33. Qf2 gxf3 34. gxf3 Nh3 35. Qh4 Qb6 36. Bf1 Qg1 37. Qxh5 Rf8 38. Qh4 Rh7 0-1

[Event "BCF-chT1a 1213 (4NCL)"]
[Site "England"]
[Date "2012.11.03"]
[Round "1.144"]
[White "Colovic, Aleksandar"]
[Black "Williams, Samuel G"]
[Result "1-0"]
[WhiteElo "2447"]
[BlackElo "2253"]
[PlyCount "95"]
[EventDate "2012.11.03"]
[EventType "team-tourn"]
[EventRounds "7"]
[EventCountry "ENG"]
[SourceTitle "EXT 2013"]
[Source "ChessBase"]
[SourceDate "2012.11.22"]
[SourceVersion "1"]
[SourceVersionDate "2012.11.22"]
[SourceQuality "1"]
[WhiteTeam "Cheddleton"]
[BlackTeam "Sambuca Sharks"]
[WhiteTeamCountry "ENG"]
[BlackTeamCountry "ENG"]

1. d4 Nf6 2. c4 g6 3. Nc3 d5 4. cxd5 Nxd5 5. Bd2 Nb6 6. Nf3 Bg7 7. e3 Nc6 8. Bb5 0-0 9. 0-0 e5 10. Bxc6 bxc6 11. Nxe5 c5 12. Ne2 Ba6 13. Re1 cxd4 14. exd4 Bxe2 15. Qxe2 Qxd4 16. Bc3 Qc5 17. Nd3 Qb5 18. Bxg7 Kxg7 19. Qe5+ Qxe5 20. Nxe5 Rad8 21. Nc6 Rd2 22. b3 a5 23. a4 Ra8 24. Red1 Rb2 25. Rab1 Rxb1 26. Rxb1 Ra6 27. Rc1 Nd7 28. f4 Kf6 29. Kf2 Nf8 30. Nd4 Rd6 31. Ke3 Ne6 32. Nb5 Rb6 33. Rc3 h6 34. g3 h5 35. Kd3 h4 36. Kc2 hxg3 37. hxg3 c6 38. Nd6 Nd4+ 39. Kb2 Ke6 40. Nc4 Ra6 41. Re3+ Kf5 42. Kc3 Ne6 43. Nd6+ Kf6 44. Re5 Nc7 45. Kc4 Rb6 46. Ne4+ Kg7 47. Rxa5 Nd5 48. Nd2 1-0

[Event "BCF-chT2c 1112 (4NCL)"]
[Site "England"]
[Date "2012.05.07"]
[Round "9.25"]
[White "Williams, Samuel G"]
[Black "Spivack, Simon"]
[Result "1/2-1/2"]
[WhiteElo "2234"]
[BlackElo "2191"]
[PlyCount "39"]
[EventDate "2011.11.12"]
[EventType "team-swiss"]
[EventRounds "11"]
[EventCountry "ENG"]
[SourceTitle "EXT 2013"]
[Source "ChessBase"]
[SourceDate "2012.11.22"]
[SourceVersion "1"]
[SourceVersionDate "2012.11.22"]
[SourceQuality "1"]
[WhiteTeam "Sambuca Sharks"]
[BlackTeam "Kings Head"]
[WhiteTeamCountry "ENG"]
[BlackTeamCountry "ENG"]

1. d4 Nf6 2. c4 g6 3. Nc3 Bg7 4. e4 d6 5. Nf3 0-0 6. Be2 e5 7. 0-0 Nc6 8. d5 Ne7 9. b4 a5 10. Ba3 axb4 11. Bxb4 b6 12. a4 Ne8 13. a5 c5 14. dxc6 Nxc6 15. Qd5 Bb7 16. axb6 Rxa1 17. Rxa1 Qxb6 18. Ba5 Qa7 19. Nb5 Qb8 20. Qd3 1/2-1/2

[Event "BCF-chT2b 1112 (4NCL)"]
[Site "England"]
[Date "2012.01.14"]
[Round "3.2"]
[White "Dishman, Stephen"]
[Black "Williams, Samuel G"]
[Result "1/2-1/2"]
[WhiteElo "2333"]
[BlackElo "2234"]
[PlyCount "22"]
[EventDate "2011.11.12"]
[EventType "team-match"]
[EventRounds "7"]
[EventCountry "ENG"]
[SourceTitle "EXT 2013"]
[Source "ChessBase"]
[SourceDate "2012.11.22"]
[SourceVersion "1"]
[SourceVersionDate "2012.11.22"]
[SourceQuality "1"]
[WhiteTeam "AMCA Dragons"]
[BlackTeam "Sambuca Sharks"]
[WhiteTeamCountry "ENG"]
[BlackTeamCountry "ENG"]

1. d4 Nf6 2. Nc3 d5 3. Bg5 Nbd7 4. Qd3 c5 5. Nf3 cxd4 6. Qxd4 Qa5 7. e3 e6 8. Bxf6 Nxf6 9. Bb5+ Bd7 10. Bxd7+ Nxd7 11. 0-0 Rc8 1/2-1/2

[Event "BCF-chT1b 1011 (4NCL)"]
[Site "England"]
[Date "2011.01.15"]
[Round "3.16"]
[White "Williams, Samuel G"]
[Black "Cherniaev, Alexander"]
[Result "0-1"]
[WhiteElo "2190"]
[BlackElo "2446"]
[PlyCount "50"]
[EventDate "2010.11.06"]
[EventType "team-tourn"]
[EventRounds "7"]
[EventCountry "ENG"]
[SourceTitle "EXT 2012"]
[Source "ChessBase"]
[SourceDate "2011.11.24"]
[SourceVersion "1"]
[SourceVersionDate "2011.11.24"]
[SourceQuality "1"]
[WhiteTeam "Sambuca Sharks"]
[BlackTeam "Guildford"]
[WhiteTeamCountry "ENG"]
[BlackTeamCountry "ENG"]

1. d4 Nf6 2. c4 d6 3. Nc3 e5 4. Nf3 e4 5. Nd2 Bf5 6. g4 Bxg4 7. Ndxe4 Nxe4 8. Nxe4 Nc6 9. Bg2 Be7 10. h3 Bd7 11. b3 f5 12. Nc3 Bh4 13. Rg1 0-0 14. Bb2 Rb8 15. Bd5+ Kh8 16. Bxc6 bxc6 17. d5 c5 18. Qd3 Rf7 19. Rg2 Qe7 20. 0-0-0 Bg5+ 21. Kb1 f4 22. Ka1 Bf5 23. Qf3 Bf6 24. Qxf4 Bxh3 25. Rg3 Bxc3 0-1

[Event "BCF-chT2c 0910 (4NCL) Promotion pool"]
[Site "England"]
[Date "2010.05.03"]
[Round "11.6"]
[White "Williams, Samuel G"]
[Black "McKenna, Jason P"]
[Result "1/2-1/2"]
[WhiteElo "2198"]
[BlackElo "2114"]
[PlyCount "124"]
[EventDate "2009.10.24"]
[EventType "team-tourn"]
[EventRounds "4"]
[EventCountry "ENG"]
[SourceTitle "EXT 2010"]
[Source "ChessBase"]
[SourceDate "2010.11.25"]
[SourceVersion "1"]
[SourceVersionDate "2010.11.25"]
[SourceQuality "1"]
[WhiteTeam "Sambuca Sharks"]
[BlackTeam "Cheddleton"]
[WhiteTeamCountry "ENG"]
[BlackTeamCountry "ENG"]

1. d4 g6 2. Nf3 Bg7 3. c4 Nf6 4. Nc3 d6 5. e4 0-0 6. Be2 e5 7. 0-0 Nc6 8. d5 Ne7 9. b4 Nh5 10. Re1 f5 11. Ng5 Nf6 12. Bf3 c6 13. Bb2 h6 14. Ne6 Bxe6 15. dxe6 fxe4 16. Nxe4 Nxe4 17. Rxe4 Nf5 18. Rg4 Qf6 19. b5 Rac8 20. bxc6 bxc6 21. Qe2 Qxe6 22. Rd1 Kh7 23. Qd3 h5 24. Re4 Rfd8 25. Re2 Rb8 26. Bxc6 Rxb2 27. Rxb2 e4 28. Qd2 e3 29. fxe3 Qxe3+ 30. Qxe3 Nxe3 31. Rdb1 Bxb2 32. Rxb2 Nxc4 33. Rb7+ Kh6 34. Rxa7 d5 35. Rd7 Rc8 36. Bb7 Re8 37. Bxd5 Nb6 38. Bf7 Re2 39. Rd6 Na4 40. Rxg6+ Kh7 41. Ra6 Nc3 42. Bxh5 Rxa2 43. Rxa2 Nxa2 44. Kf2 Nb4 45. Bf3 Kh6 46. h4 Nd3+ 47. Ke3 Ne5 48. Ke4 Ng6 49. h5 Nf8 50. Kf5 Nh7 51. Be2 Ng5 52. Kg4 Nh7 53. Kh4 Nf6 54. Bf3 Nh7 55. Be4 Ng5 56. Bg6 Ne6 57. Kg4 Ng5 58. Kf5 Nh3 59. Be8 Ng5 60. Kg4 Nh7 61. Kh4 Ng5 62. Bd7 Nh7 1/2-1/2

[Event "BCF-chT2a 0910 (4NCL)"]
[Site "England"]
[Date "2010.01.17"]
[Round "4.2"]
[White "Rutter, Nicholas J"]
[Black "Williams, Samuel G"]
[Result "1/2-1/2"]
[WhiteElo "2189"]
[BlackElo "2198"]
[PlyCount "37"]
[EventDate "2009.10.24"]
[EventType "team-tourn"]
[EventRounds "7"]
[EventCountry "ENG"]
[SourceTitle "EXT 2010"]
[Source "ChessBase"]
[SourceDate "2010.11.25"]
[SourceVersion "1"]
[SourceVersionDate "2010.11.25"]
[SourceQuality "1"]
[WhiteTeam "Wessex"]
[BlackTeam "Sambuca Sharks"]
[WhiteTeamCountry "ENG"]
[BlackTeamCountry "ENG"]

1. e4 c5 2. Nf3 Nc6 3. d4 cxd4 4. Nxd4 Nf6 5. Nc3 e5 6. Nf5 d5 7. exd5 Bxf5 8. dxc6 bxc6 9. Qf3 Qd7 10. Bg5 e4 11. Qd1 Qb7 12. Bxf6 gxf6 13. Qd4 Be7 14. Nxe4 Rd8 15. Nxf6+ Kf8 16. Nd7+ Kg8 17. Nf6+ Kf8 18. Nd7+ Kg8 19. Nf6+ 1/2-1/2

[Event "BCF-chT2a 0910 (4NCL)"]
[Site "England"]
[Date "2010.01.16"]
[Round "3.2"]
[White "Williams, Samuel G"]
[Black "Richmond, Peter A"]
[Result "1-0"]
[WhiteElo "2198"]
[BlackElo "2247"]
[PlyCount "63"]
[EventDate "2009.10.24"]
[EventType "team-tourn"]
[EventRounds "7"]
[EventCountry "ENG"]
[SourceTitle "EXT 2010"]
[Source "ChessBase"]
[SourceDate "2010.11.25"]
[SourceVersion "1"]
[SourceVersionDate "2010.11.25"]
[SourceQuality "1"]
[WhiteTeam "Sambuca Sharks"]
[BlackTeam "Brown Jack"]
[WhiteTeamCountry "ENG"]
[BlackTeamCountry "ENG"]

1. d4 d5 2. c4 e5 3. dxe5 d4 4. Nf3 Nc6 5. g3 Nge7 6. Bg2 Ng6 7. 0-0 Be7 8. Nbd2 0-0 9. a3 Ncxe5 10. b4 Bf6 11. Bb2 d3 12. Nd4 dxe2 13. Qxe2 Re8 14. Ne4 Bg4 15. Nxf6+ Qxf6 16. Qc2 Rad8 17. f4 c5 18. Nb3 cxb4 19. fxe5 Qg5 20. axb4 Nxe5 21. Rae1 f6 22. Bxe5 Rxe5 23. Bxb7 Rde8 24. Bd5+ Kh8 25. Rxe5 Qxe5 26. Qd2 h5 27. Nd4 Bh3 28. Rc1 g5 29. Kf2 Qd6 30. Re1 Rb8 31. Nc6 Rc8 32. Qd3 1-0